<?xml version="1.0" encoding="UTF-8"?>
<collection xmlns="http://www.loc.gov/MARC21/slim">
 <record>
  <leader>00525cam a2200169 7i4500</leader>
  <controlfield tag="001">0000006215</controlfield>
  <controlfield tag="005">20061123090000.0</controlfield>
  <datafield tag="020" ind1="0" ind2="0">
   <subfield code="a">9839695223 </subfield>
  </datafield>
  <datafield tag="035" ind1="0" ind2="0">
   <subfield code="a">0150-63460</subfield>
  </datafield>
  <datafield tag="090" ind1="0" ind2="0">
   <subfield code="a">HQ 525 </subfield>
   <subfield code="b">I8 I3</subfield>
  </datafield>
  <datafield tag="245" ind1="0" ind2="0">
   <subfield code="a">Identiti keluarga bahagia  </subfield>
   <subfield code="c">susunan Nina Kirana..</subfield>
  </datafield>
  <datafield tag="260" ind1="0" ind2="0">
   <subfield code="a">Ampang: </subfield>
   <subfield code="b">Citakhidmat (M) Sdn.Bhd., </subfield>
   <subfield code="c">1992..</subfield>
  </datafield>
  <datafield tag="300" ind1="#" ind2="#">
   <subfield code="a">84p.; </subfield>
   <subfield code="c">22cm..</subfield>
  </datafield>
  <datafield tag="650" ind1="0" ind2="0">
   <subfield code="a">Family -- </subfield>
   <subfield code="x">Koranic teaching. </subfield>
  </datafield>
  <datafield tag="650" ind1="0" ind2="0">
   <subfield code="a">Muslims -- </subfield>
   <subfield code="x">Family relationships. </subfield>
  </datafield>
  <datafield tag="650" ind1="0" ind2="0">
   <subfield code="a">Marriage (Islamic law). </subfield>
  </datafield>
  <datafield tag="999" ind1=" " ind2=" ">
   <subfield code="a">1000396528</subfield>
   <subfield code="b">Book</subfield>
   <subfield code="c">Open Shelf</subfield>
   <subfield code="e">KOLEKSI TERBUKA</subfield>
  </datafield>
 </record>
</collection>
